Countries With The Most Coastline - Statistics

General Stats
  • This quiz has been taken 43 times
  • The average score is 13 of 15
Answer Stats
Hint Answer % Correct
1 Canada
100%
5 Russia
100%
8 Australia
97%
3 Indonesia
94%
7 Japan
94%
11 China
92%
14 Mexico
92%
9 United States Of America
92%
10 New Zealand
89%
13 United Kingdom
89%
2 Norway
83%
4 Denmark
81%
15 Italy
75%
6 Philippines
75%
12 Greece
58%
No matching quizzes found
Score Distribution
Percent of People with Each Score
Percentile by Number Answered
Your Score History
You have not taken this quiz